Countries of the World in 1900 - Statistics

General Stats
  • This quiz has been taken 7,974 times
  • The average score is 36 of 77
Answer Stats
Country % Correct
China
92%
Russia
91%
United States
91%
France
88%
Germany
88%
Japan
87%
Canada
86%
Mexico
85%
Brazil
84%
Spain
84%
Argentina
81%
Portugal
80%
Italy
79%
Chile
75%
Denmark
74%
Peru
73%
Belgium
72%
Paraguay
71%
Greece
70%
Netherlands
70%
Venezuela
70%
Bolivia
69%
Colombia
69%
Korea
68%
Ottoman Empire
67%
Ecuador
66%
South African Republic
65%
United Kingdom
65%
Austria-Hungary
63%
Switzerland
62%
Honduras
60%
Andorra
58%
Guatemala
58%
Nicaragua
58%
Costa Rica
57%
Ethiopia
57%
El Salvador
55%
Haiti
55%
Luxembourg
54%
Romania
54%
Serbia
50%
Monaco
49%
San Marino
49%
Uruguay
49%
Liechtenstein
46%
Persia
46%
Dominican Republic
45%
Congo
44%
Morocco
44%
Nepal
41%
Siam
39%
Liberia
38%
Bhutan
32%
Samoa
29%
Upper Aulaqi Sultanate
28%
Montenegro
27%
Tonga
22%
Wahidi Balhaf
22%
Sweden-Norway
18%
Swaziland
12%
Toro
9%
Orange Free State
8%
Aceh
3%
Acre
3%
Ha'il
2%
Aro Confederacy
1%
Champasak
1%
Dhala
1%
Kano
1%
Kuba
1%
Ouaddai
1%
Sokoto
1%
Tui Manu'a
1%
Upper Aulaqi Sheikhdom
1%
Wahidi Haban
1%
Beihan
0%
Upper Yafa
0%
No matching quizzes found
Score Distribution
Percent of People with Each Score
Percentile by Number Answered
Your Score History
You have not taken this quiz